Normal view
MARC view
- Centre for the Study of Developing Societies.
Entry Corporate Name
001 - CONTROL NUMBER
- control field: 12308
003 - CONTROL NUMBER IDENTIFIER
- control field: OSt
005 - DATE AND TIME OF LATEST TRANSACTION
- control field: 20110120123518.0
008 - FIXED-LENGTH DATA ELEMENTS
- fixed length control field: 110120|||a|||||| | ||| d
040 ## - CATALOGING SOURCE
- Original cataloging agency: OSt
- Transcribing agency: OSt
110 ## - HEADING--CORPORATE NAME
- Corporate name or jurisdiction name as entry element: Centre for the Study of Developing Societies.
670 ## - SOURCE DATA FOUND
- Source citation: Work cat.: (OSt)0: International Workshop on Disarmament (1978 : Delhi, India) 12307, Disarmament, development, and a just world order :, 1978.
670 ## - SOURCE DATA FOUND
- Source citation: Work cat.: (OSt)0: International Workshop on Disarmament (1978 : Delhi, India) 12307, Disarmament, development, and a just world order :, 1978.
